00517nam a2200193Ia 450000500170000000800410001702000180005808200130007624500460008925000200013526000380015530000180019365000130021165000200022465000260024465000130027065000130028370000270029620240613024730.0240331s9999 xx 000 0 und d a9789556593150 bHANa950 0aHandy Perinbanayagam :bA Memorial Volume aRevised Edition aChennaibKumaran Book Housec2012 axix, 339 p ., aPolitics aLanguage Rights aFreedom of Expression aCultural aReligion aKadirgamar, Santasilan